000 00519nam a2200205Ia 4500
008 180523s9999 xx 000 0 und d
020 _a978-1-84476-440-2
050 _aMAIN BF 637.M4
050 _b.H83 2007
100 _aHudson, John.
245 0 _aMeditation :
245 0 _bsimple steps to peace, well-being and contentment /
245 0 _cJohn Hudson.
260 _aLondon :
260 _bSouthwater.
260 _c2007
300 _a64 pages :
300 _bcolor illustrations ;
300 _c20 cm.
999 _c356521
_d356521